Biggest sources of immigrants to Washington - Statistics

General Stats
  • This quiz has been taken 30 times
  • The average score is 9 of 10
Answer Stats
Hint Answer % Correct
105,425 China
95%
250,934 Mexico
95%
45,601 Canada
91%
116,306 India
91%
21,288 United Kingdom
91%
17,402 Germany
82%
50,704 Korea
82%
73,053 Philippines
82%
21,734 Russia
82%
62,365 Vietnam
82%
No matching quizzes found
Score Distribution
Percent of People with Each Score
Percentile by Number Answered
Your Score History
You have not taken this quiz